Historia constitucional Argentina. 2 /

Guardado en:
Autor Principal: Galletti, Alfredo
Formato: Libro
Idioma:Spanish
Publicado: La Plata : Librería Editora Platense, 1987
Edición:1a. ed.
Materias:
Etiquetas: Agregar Etiqueta
Sin Etiquetas, Sea el primero en etiquetar este registro!
LEADER 00632nam a22001815a 4500
001 DER.der009579
008 180615s1987####ag#||||||||||||||#||spa||
005 20251223103241.0
245 1 0 |a Historia constitucional Argentina.  |n 2 /  |c Alfredo Galletti. 
250 |a 1a. ed. 
260 |a La Plata :  |b Librería Editora Platense,  |c 1987 
300 |a 882 p. 
020 |a 9505360274 
100 1 |a Galletti, Alfredo 
650 7 |a HISTORIA CONSTITUCIONAL 
859 |a DERECHO  |b BIB. DERECHO  |h 342.029  |i GAL  |p 006232  |3 Tomo II 
859 |a DERECHO  |b BIB. DERECHO  |h 342.029  |i GAL  |p 006233  |t 1  |3 Tomo II 
859 |a DERECHO  |b BIB. DERECHO  |h 342.029  |i GAL  |p 006234  |t 2  |3 Tomo II